| Поле | Название | Значение |
| |
Тип записи |
a |
| |
Библиографический уровень |
m |
| 001 |
Контрольный номер |
UONB/MAIN/3b57cb99c3a14430858672f62d18dded |
| 005 |
Дата корректировки |
20260414144401.2 |
| 010 |
Индекс ISBN |
__ |
| a |
ISBN |
5-7507-0063-1 |
| b |
Уточнения |
в пер. |
| d |
Цена |
93 к. |
| 9 |
Тираж |
800 экз. |
| 100 |
Данные общей обработки |
__ |
| a |
Данные общей обработки |
20260414d1988 u y0rusy0189 ca |
| 101 |
Язык документа |
0_ |
| a |
Язык текста |
rus |
| 102 |
Страна публикации |
__ |
| a |
Страна публикации |
RU |
| 105 |
Кодированные данные (монография) |
__ |
| a |
Кодированные данные (монография) |
y z 001yy |
| 200 |
Заглавие и сведения об ответственности |
1_ |
| a |
Заглавие |
Стимуляция противотуберкулезного иммунитета кумысом из коровьего и кобыльего молока |
| f |
Первые сведения об ответственности |
А. Я. Шурыгин, Е. Ф. Чернушенко, Э. И. Злищева |
| g |
Последующие сведения об ответственности |
ответственный редактор И. А. Барчан |
| g |
Последующие сведения об ответственности |
Ростовский государственный университет им. М. А. Суслова |
| 203 |
Вид содержания и тип средства |
__ |
| a |
Вид содержания |
Текст |
| b |
Характеристика содержания |
визуальный |
| c |
Тип средства |
непосредственный |
| 210 |
Выходные данные |
1_ |
| a |
Место издания |
Ростов-на-Дону |
| c |
Издательство |
Издательство Ростовского университета |
| d |
Дата издания |
1988 |
| 215 |
Физическое описание |
__ |
| a |
Объем |
61, [2] с. |
| d |
Формат |
20 см |
| 320 |
Библиография |
__ |
| a |
Библиография |
Библиогр.: с. 53-62 |
| 606 |
Тематические рубрики |
0_ |
| a |
Основная рубрика |
Туберкулез |
| x |
Основная подрубрика |
Лечение кумысом |
| 610 |
Ключевые слова |
0_ |
| a |
Ключевые слова |
туберкулез; лечение кумысом; лечение кумысом туберкулеза |
| 675 |
Индекс УДК |
__ |
| a |
Индекс УДК |
616М3 |
| 686 |
Индексы других классификаций |
__ |
| a |
Классификационный индекс |
55.4 |
| 2 |
Код системы |
rubbk |
| 700 |
Автор |
_1 |
| a |
Фамилия |
Шурыгин |
| b |
Имя (инициалы) |
А. Я. |
| 701 |
Альтернативная интеллектуальная ответственность |
_1 |
| a |
Фамилия |
Чернушенко |
| b |
Имя (инициалы) |
Е. Ф. |
| g |
Полное личное имя |
Екатерина Федоровна |
| 701 |
Альтернативная интеллектуальная ответственность |
_1 |
| a |
Фамилия |
Злищева |
| b |
Имя (инициалы) |
Э. И. |
| g |
Полное личное имя |
Энна Ивановна |
| 702 |
Вторичная интеллектуальная ответственность |
_1 |
| a |
Фамилия |
Барчан |
| b |
Имя (инициалы) |
И. А. |
| 4 |
Код отношения |
340 |
| 712 |
Наименование организации (Вторичная ответственность) |
02 |
| a |
Организация/ юрисдикция |
Ростовский государственный университет им. М. А. Суслова |
| 4 |
Код отношения |
570 |
| 801 |
Источник записи |
_0 |
| a |
Страна |
RU |
| b |
Организация |
Ульяновская ОНБ |
| c |
Дата составления |
20260414 |
| g |
Правила каталогизации |
RCR |
| 801 |
Источник записи |
_1 |
| a |
Страна |
RU |
| b |
Организация |
Ульяновская ОНБ |
| c |
Дата составления |
20260414 |
| g |
Правила каталогизации |
RCR |
| 901 |
Тип документа |
__ |
| t |
Тип документа |
m |
| 909 |
Создатель записи |
__ |
| a |
Создатель записи |
Мичурина |
| b |
Дата создания записи |
20260414 |